Disney PIXAR Monsters Inc Characters - Statistics

General Stats
  • This quiz has been taken 275 times
  • The average score is 4 of 16
Answer Stats
# Hint Answer % Correct
3 A 2-year-old human that comes into the monster world Boo
88%
2 A little, green, and round monster with one eye Mike Wazowski
68%
1 A blue monster with purple spots Sulley
57%
7 A slug-like monster with a raspy voice, administrative clerk for Scarefloor F, and #1 in the CDA Roz
44%
4 A purple, lizard-like monster that can disappear Randall Boggs
37%
8 A yeti that was banished to the Himalayas Abominable Snowman
29%
5 The CEO of Monsters Inc Henry J. Waternoose
24%
14 The furry minster that keeos getting 23-19s called on him George Sanderson
19%
6 A gorgon-like monster with one eye and snakes for hair Celia Mae
15%
15 The assistant of the above Charlie
7%
9 Randall's assistant Jeff Fungus
7%
10 Two adolescent monsters with cracking voices, who are the janitors, and work the door shredder when required Smitty and Needleman
7%
13 A trainee scarer for Monsters Inc Thaddeus Bile
7%
12 A female monster that trains new monsters Ms. Flint
6%
11 A seven-fingered, red monster and a good friend of Waternoose Jerry Slugworth
4%
16 A blue monster with sharp claws and a bad breath Peter Ward
2%
No matching quizzes found
Score Distribution
Percent of People with Each Score
Percentile by Number Answered
Your Score History
You have not taken this quiz